Drug Misuse (Record no. 9379)

MARC details
000 -LEADER
fixed length control field 00543nam a22002057a 4500
003 - CONTROL NUMBER IDENTIFIER
control field OSt
005 - DATE AND TIME OF LATEST TRANSACTION
control field 20240917123725.0
008 - FIXED-LENGTH DATA ELEMENTS--GENERAL INFORMATION
fixed length control field 240917b |||||||| |||| 00| 0 eng d
020 ## - INTERNATIONAL STANDARD BOOK NUMBER
International Standard Book Number 0412642808
040 ## - CATALOGING SOURCE
Transcribing agency MUST
100 ## - MAIN ENTRY--PERSONAL NAME
Personal name Keene Jan
9 (RLIN) 9688
245 ## - TITLE STATEMENT
Title Drug Misuse
Remainder of title Prevention Harm Minimisation and Treatment
250 ## - EDITION STATEMENT
Edition statement 1st
260 ## - PUBLICATION, DISTRIBUTION, ETC. (IMPRINT)
Place of publication, distribution, etc. London
Name of publisher, distributor, etc. Chapman and Hall
Date of publication, distribution, etc. c1997
300 ## - PHYSICAL DESCRIPTION
Extent xv,356p. ;
Other physical details ill.
Dimensions 24cm
500 ## - GENERAL NOTE
General note Index, Appedix
600 ## - SUBJECT ADDED ENTRY--PERSONAL NAME
Source of heading or term Drug misuse and treatment
700 ## - ADDED ENTRY--PERSONAL NAME
Personal name Jan Keene
9 (RLIN) 19143
942 ## - ADDED ENTRY ELEMENTS (KOHA)
Source of classification or shelving scheme Dewey Decimal Classification
Koha item type Book
Holdings
Withdrawn status Lost status Source of classification or shelving scheme Damaged status Not for loan Home library Current library Date acquired Source of acquisition Inventory number Total Checkouts Full call number Barcode Date last seen Price effective from Koha item type
    Dewey Decimal Classification     MUST Main Library MUST Main Library 17/09/2024 Donation 2001/15555   WM 270 K251d 1997 2024-22372 17/09/2024 17/09/2024 Open Shelf